000 01050cad a22002055a 4500
001 L148420
008 090916e20090911xxk f s 000 0 eng d
035 _a(Sirsi) u148420
041 0 _aeng
110 2 _aHome Builders Federation
_94896
245 0 0 _aLatest industry survey shows sales up... and builders' confidence increasing
_h[electronic resource]
260 _c2009
490 0 _aHBF Press Release
_v11 September 2009
520 _aReports results of Home Builders Federation's new homes survey for July 2009. Suggests that new homes reservations and builders' confidence increased compared to a year ago. This shows an improvement in the market. Builders expect new home sales to increase in the last semester of 2009.
590 _aKA
651 4 _aEngland
_y886-
690 _aPROPERTY-RESIDENTIAL PROPERTY-RESIDENTIAL PROPERTY MARKET
856 4 0 _uhttps://www.hbf.co.uk/Latest-industry-survey-shows-sales-up-and-builders-39-confidence-increasing-db7d441
_zView the press release free of charge online at www.hbf.co.uk...
942 _n0
999 _c81829
_d81829